00441nam a2200157Ia 450000500170000000800410001702000150005808200130007324500510008626000570013730000190019465000120021365000140022570000230023970000210026220250130015705.0240331s9999 xx 000 0 und d a8185229120 bHISa954 0aHistory and ideology the Khalsa over 300 years aNew DelhibManohar Publishers and Distributorsc2001 aXxvi, 227 p ., aHistory aPolitical aGrewal, J.S. eedt aBanga, Indueedt